[Event "Vienna op-A"]
[Site "Vienna"]
[Date "2016.08.22"]
[Round "8"]
[White "Barle, Janez"]
[Black "Berger, Stefan"]
[Result "1-0"]
[WhiteElo "2289"]
[BlackElo "1993"]
[PlyCount "81"]
[EventDate "2016.08.16"]
[EventType "swiss"]
[EventRounds "9"]
[EventCountry "AUT"]
[SourceTitle "CBM 173 Extra"]
[Source "ChessBase"]
[SourceDate "2016.08.29"]
[SourceVersion "1"]
[SourceVersionDate "2016.08.29"]
[SourceQuality "1"]

1. e4 Nf6 2. e5 Nd5 3. d4 d6 4. Bc4 dxe5 5. dxe5 e6 6. Nf3 Be7 7. 0-0 0-0 8. Qe2 c6 9. Rd1 Nd7 10. Bd3 Qc7 11. Qe4 g6 12. Bh6 Re8 13. Bf1 a5 14. c4 Nb4 15. Nc3 Na6 16. Qf4 Nac5 17. Ne4 Nxe4 18. Qxe4 a4 19. Bf4 Bf8 20. h4 Bg7 21. h5 Ra5 22. hxg6 hxg6 23. Re1 b6 24. Bd2 Ra7 25. Bc3 Nf8 26. c5 bxc5 27. Ng5 Nh7 28. Nf3 Ba6 29. Bxa6 Rxa6 30. Qc4 Qb6 31. Qf4 Rd8 32. Nd2 Rd7 33. Ne4 a3 34. b3 Raa7 35. Re3 Rd5 36. Rh3 Qd8 37. Re1 Rd1 38. Rxd1 Qxd1+ 39. Kh2 Qd8 40. Nf6+ Nxf6 41. exf6 1-0

[Event "Martigny op 25th"]
[Site "Martigny"]
[Date "2016.07.31"]
[Round "4"]
[White "Huss, Andreas"]
[Black "Berger, Stefan"]
[Result "1-0"]
[WhiteElo "2345"]
[BlackElo "1993"]
[PlyCount "55"]
[EventDate "2016.07.29"]
[EventType "swiss"]
[EventRounds "7"]
[EventCountry "SUI"]
[SourceTitle "EXT 2017"]
[Source "ChessBase"]
[SourceDate "2016.10.25"]
[SourceVersion "1"]
[SourceVersionDate "2016.10.25"]
[SourceQuality "1"]

1. d4 d5 2. c4 dxc4 3. Nf3 Nf6 4. e3 Bg4 5. Bxc4 e6 6. h3 Bh5 7. Nc3 Nc6 8. Bb5 Bd6 9. Qa4 Bxf3 10. gxf3 0-0 11. Bxc6 bxc6 12. Qxc6 Rb8 13. f4 Rb6 14. Qf3 Nd5 15. 0-0 Nb4 16. b3 f5 17. Ba3 Rf6 18. Bxb4 Rxb4 19. Kh1 Rh6 20. Rg1 c5 21. dxc5 Bxc5 22. Rad1 Qf6 23. Na4 Bf8 24. Rd7 Re4 25. Rxa7 Rh4 26. Nb6 Qc3 27. Nd7 Be7 28. Ne5 1-0

[Event "Hoersching op 3rd"]
[Site "Hoersching"]
[Date "2015.09.06"]
[Round "7"]
[White "Traunwieser, Georg"]
[Black "Berger, Stefan"]
[Result "1-0"]
[WhiteElo "2088"]
[BlackElo "1976"]
[PlyCount "97"]
[EventDate "2015.08.31"]
[EventType "swiss"]
[EventRounds "7"]
[EventCountry "AUT"]
[SourceTitle "EXT 2016"]
[Source "ChessBase"]
[SourceDate "2015.10.08"]
[SourceVersion "1"]
[SourceVersionDate "2015.10.08"]
[SourceQuality "1"]

1. d4 Nf6 2. c4 e6 3. Nc3 Bb4 4. f3 d5 5. a3 Bxc3+ 6. bxc3 c5 7. cxd5 Nxd5 8. dxc5 Qa5 9. e4 Nf6 10. Be3 0-0 11. Qb3 Nfd7 12. Qb4 Qc7 13. a4 b6 14. cxb6 axb6 15. Bb5 Na6 16. Qc4 Nac5 17. Bxc5 Nxc5 18. Ne2 Bd7 19. 0-0 Rfc8 20. Nd4 Ra5 21. Rfd1 e5 22. Nf5 Be6 23. Qb4 Rd8 24. Ne3 Bb3 25. Nd5 Qb8 26. Rd2 Bxd5 27. Rxd5 Rxd5 28. exd5 Qd6 29. Bc6 Ra6 30. g3 f5 31. Re1 Qf6 32. Qc4 Qd6 33. Qe2 e4 34. fxe4 fxe4 35. Qc4 Ra7 36. Qb5 Rxa4 37. Qxb6 Nd3 38. Rb1 Ra2 39. Qb8+ Qxb8 40. Rxb8+ Kf7 41. d6 Ra1+ 42. Kg2 e3 43. Re8 Ra2+ 44. Kf3 Kf6 45. d7 Ne5+ 46. Rxe5 Kxe5 47. d8Q e2 48. Qe7+ Kf5 49. Be4# 1-0

[Event "Pyramiden Franken Cup"]
[Site "Fuerth"]
[Date "2015.09.05"]
[Round "5"]
[White "Berger, Stefan"]
[Black "Weissmann, Peter"]
[Result "1-0"]
[WhiteElo "1996"]
[BlackElo "1795"]
[PlyCount "99"]
[EventDate "2015.09.03"]
[EventType "swiss"]
[EventRounds "7"]
[EventCountry "GER"]
[SourceTitle "EXT 2016"]
[Source "ChessBase"]
[SourceDate "2015.10.08"]
[SourceVersion "1"]
[SourceVersionDate "2015.10.08"]
[SourceQuality "1"]

1. Nf3 Nf6 2. c4 c5 3. d4 cxd4 4. Nxd4 Nc6 5. Nc3 g6 6. e4 d6 7. Be2 Bg7 8. Be3 0-0 9. 0-0 Ne8 10. Nb3 f5 11. Qd2 Nf6 12. f3 Na5 13. Nd4 Nc6 14. Rad1 Nxd4 15. Bxd4 Be6 16. h3 Qa5 17. b4 Qc7 18. Rc1 fxe4 19. Nxe4 Nxe4 20. fxe4 Rxf1+ 21. Bxf1 b6 22. a3 a5 23. Bxg7 Kxg7 24. h4 Bf7 25. h5 gxh5 26. Rc3 Rg8 27. e5 Kh8 28. exd6 Qxd6 29. Rd3 Qf6 30. Rd8 Rxd8 31. Qxd8+ Kg7 32. c5 Qf4 33. Qxe7 Qd4+ 34. Kh1 axb4 35. Qg5+ Bg6 36. axb4 Qf2 37. Qc1 h4 38. Qc4 h3 39. cxb6 hxg2+ 40. Bxg2 Qe1+ 41. Kh2 Qe5+ 42. Kh1 Qe1+ 43. Qf1 Qh4+ 44. Kg1 Qxb4 45. b7 Qd4+ 46. Qf2 Qd1+ 47. Kh2 Qh5+ 48. Bh3 Qe5+ 49. Qg3 Qb2+ 50. Bg2 1-0

[Event "Hoersching op 3rd"]
[Site "Hoersching"]
[Date "2015.09.02"]
[Round "3"]
[White "Wiesner, Hans Dieter"]
[Black "Berger, Stefan"]
[Result "1-0"]
[WhiteElo "2130"]
[BlackElo "1976"]
[PlyCount "51"]
[EventDate "2015.08.31"]
[EventType "swiss"]
[EventRounds "7"]
[EventCountry "AUT"]
[SourceTitle "EXT 2016"]
[Source "ChessBase"]
[SourceDate "2015.10.08"]
[SourceVersion "1"]
[SourceVersionDate "2015.10.08"]
[SourceQuality "1"]

1. c4 Nf6 2. Nc3 c5 3. g3 e6 4. Nf3 b6 5. Bg2 Bb7 6. 0-0 Be7 7. e3 0-0 8. d4 cxd4 9. exd4 d6 10. d5 e5 11. Nh4 Bc8 12. Qc2 g6 13. f4 exf4 14. Bxf4 Nh5 15. Bh6 Ng7 16. Nf3 Nd7 17. Rae1 Bb7 18. Nb5 Re8 19. Nfd4 a6 20. Nc6 Bxc6 21. dxc6 axb5 22. cxd7 Qxd7 23. Bxa8 Rxa8 24. Qe4 Ra7 25. Qd4 Nf5 26. Rxf5 1-0

[Event "Stein am Rhein op 2nd"]
[Site "Stein am Rhein"]
[Date "2014.03.02"]
[Round "5"]
[White "Boes, Julian"]
[Black "Berger, Stefan"]
[Result "1-0"]
[WhiteElo "1795"]
[BlackElo "1951"]
[PlyCount "69"]
[EventDate "2014.02.28"]
[EventType "swiss"]
[EventRounds "5"]
[EventCountry "SUI"]
[SourceTitle "CBM 159 Extra"]
[Source "ChessBase"]
[SourceDate "2014.04.24"]
[SourceVersion "1"]
[SourceVersionDate "2014.04.24"]
[SourceQuality "1"]

1. e4 Nf6 2. e5 Nd5 3. d4 d6 4. Nf3 dxe5 5. Nxe5 c6 6. c3 Nd7 7. Nxd7 Bxd7 8. Nd2 Bf5 9. Nf3 g6 10. Nh4 Bc8 11. Nf3 Bg7 12. Bd3 Bg4 13. h3 Bxf3 14. Qxf3 e6 15. 0-0 0-0 16. Bc2 Rc8 17. Be3 Nxe3 18. Qxe3 Qb6 19. Bb3 Rcd8 20. Rad1 Rd7 21. f4 a5 22. Qf2 Qa7 23. a3 b5 24. g4 b4 25. f5 exf5 26. gxf5 bxc3 27. f6 Rb8 28. Qc2 Bf8 29. bxc3 c5 30. Rf4 cxd4 31. cxd4 Rbd8 32. Qc4 Rxd4 33. Rdxd4 Rxd4 34. Rxd4 Bc5 35. Kf1 1-0

[Event "Stein am Rhein op 2nd"]
[Site "Stein am Rhein"]
[Date "2014.03.01"]
[Round "2"]
[White "Milosevic, Goran"]
[Black "Berger, Stefan"]
[Result "1-0"]
[WhiteElo "2344"]
[BlackElo "1951"]
[PlyCount "73"]
[EventDate "2014.02.28"]
[EventType "swiss"]
[EventRounds "5"]
[EventCountry "SUI"]
[SourceTitle "CBM 159 Extra"]
[Source "ChessBase"]
[SourceDate "2014.04.24"]
[SourceVersion "1"]
[SourceVersionDate "2014.04.24"]
[SourceQuality "1"]

1. e4 Nf6 2. e5 Nd5 3. d4 d6 4. Bc4 dxe5 5. dxe5 c6 6. Nf3 Bg4 7. h3 Bxf3 8. Qxf3 e6 9. 0-0 Qc7 10. Re1 Nd7 11. Qe2 Be7 12. c3 0-0-0 13. b4 h5 14. Bb3 g5 15. g3 h4 16. g4 f5 17. exf6 Bxf6 18. Qxe6 Nf4 19. Bxf4 Qxf4 20. Qf5 Qxf5 21. gxf5 Ne5 22. Re4 Rd6 23. Kg2 Nd3 24. Nd2 Bxc3 25. Nc4 Rf6 26. Rd1 Rd8 27. Ne3 Nf4+ 28. Kh2 Rfd6 29. Rxd6 Rxd6 30. Rc4 Bd2 31. Re4 b5 32. Ng4 Rd3 33. f6 Rxh3+ 34. Kg1 Kd7 35. f7 Bxb4 36. Rxb4 Ke7 37. Re4+ 1-0

[Event "Nuremberg LGA Cup 9th"]
[Site "Nuremberg"]
[Date "2012.09.09"]
[Round "6"]
[White "Berger, Stefan"]
[Black "Mihok, Laszlo"]
[Result "1/2-1/2"]
[WhiteElo "1988"]
[BlackElo "2141"]
[PlyCount "137"]
[EventDate "2012.09.06"]
[EventType "swiss"]
[EventRounds "7"]
[EventCountry "GER"]
[SourceTitle "CBM 150 Extra"]
[Source "ChessBase"]
[SourceDate "2012.10.19"]
[SourceVersion "1"]
[SourceVersionDate "2012.10.19"]
[SourceQuality "1"]

1. d4 d5 2. c4 c6 3. Nf3 Nf6 4. Qc2 dxc4 5. Qxc4 Be6 6. Qc2 g6 7. Nc3 Bg7 8. e4 0-0 9. h3 b5 10. a3 a5 11. Be3 Na6 12. Bd3 Qb8 13. 0-0 Rc8 14. Ne2 a4 15. Rfc1 Bb3 16. Qd2 Nd7 17. Bc2 Bxc2 18. Rxc2 Nb6 19. Bf4 Qb7 20. Qd3 Rd8 21. Be5 f6 22. Bf4 e5 23. Be3 exd4 24. Nfxd4 c5 25. Qxb5 cxd4 26. Bxd4 Rdb8 27. Bxb6 Qxb6 28. Qxa4 Qe6 29. Rc6 Nc5 30. Qxa8 Rxa8 31. Rxe6 Nxe6 32. a4 Bf8 33. e5 f5 34. b3 Bb4 35. Rc1 Kf7 36. h4 h6 37. Rc4 Rb8 38. Rc6 Ke7 39. Ra6 Rb7 40. g3 Rd7 41. Rb6 Bc5 42. Rb5 Rd1+ 43. Kg2 Rb1 44. Rb7+ Kd8 45. Ng1 Kc8 46. Rh7 Bf8 47. Rf7 Rxb3 48. h5 g5 49. Rxf5 Kd7 50. Rf7+ Kc6 51. Nf3 Ra3 52. Nd4+ Nxd4 53. Rxf8 Kd5 54. Rf6 Kxe5 55. Rxh6 Rxa4 56. Rb6 g4 57. Rb8 Nf3 58. Rb1 Ra6 59. Rb5+ Kf6 60. Rb1 Kg5 61. Rb5+ Kh6 62. Rb1 Kxh5 63. Rb5+ Kg6 64. Rb1 Re6 65. Rb4 Kg5 66. Rb5+ Re5 67. Rb8 Re1 68. Rg8+ Kf5 69. Rxg4 1/2-1/2

[Event "Nuremberg LGA Cup 9th"]
[Site "Nuremberg"]
[Date "2012.09.08"]
[Round "5"]
[White "Reichel, Guenther"]
[Black "Berger, Stefan"]
[Result "0-1"]
[WhiteElo "1730"]
[BlackElo "1988"]
[PlyCount "86"]
[EventDate "2012.09.06"]
[EventType "swiss"]
[EventRounds "7"]
[EventCountry "GER"]
[SourceTitle "CBM 150 Extra"]
[Source "ChessBase"]
[SourceDate "2012.10.19"]
[SourceVersion "1"]
[SourceVersionDate "2012.10.19"]
[SourceQuality "1"]

1. b3 Nf6 2. Bb2 g6 3. c4 Bg7 4. g3 0-0 5. Bg2 d6 6. Nc3 e5 7. d3 Nc6 8. Nf3 Re8 9. 0-0 Rb8 10. Rc1 Bg4 11. a3 Qd7 12. Re1 Bh3 13. Bh1 Nh5 14. Rc2 h6 15. Nd5 Nd8 16. Qa1 c6 17. Ne3 f5 18. c5 e4 19. dxe4 fxe4 20. Nd4 d5 21. b4 Nf7 22. Rd1 Qe7 23. b5 Ne5 24. Qa2 Kh7 25. Qb3 Bd7 26. a4 Rf8 27. Bc3 Bf6 28. Bg2 Bg5 29. Bd2 Bf6 30. Qb2 Ng7 31. Qc1 h5 32. Ba5 Bf5 33. Rb2 Bg5 34. Bd2 Bf6 35. Qb1 Qc7 36. Nexf5 gxf5 37. Bf4 Kg6 38. bxc6 bxc6 39. Rxb8 Rxb8 40. Qa2 Rb4 41. Nc2 Rc4 42. Be3 Ne6 43. Qa3 Rxc2 0-1

[Event "Nuremberg LGA Cup 9th"]
[Site "Nuremberg"]
[Date "2012.09.06"]
[Round "1"]
[White "Zwahr, Paul"]
[Black "Berger, Stefan"]
[Result "1-0"]
[WhiteElo "2320"]
[BlackElo "1988"]
[PlyCount "75"]
[EventDate "2012.09.06"]
[EventType "swiss"]
[EventRounds "7"]
[EventCountry "GER"]
[SourceTitle "CBM 150 Extra"]
[Source "ChessBase"]
[SourceDate "2012.10.19"]
[SourceVersion "1"]
[SourceVersionDate "2012.10.19"]
[SourceQuality "1"]

1. e4 c6 2. d4 d5 3. Nc3 dxe4 4. Nxe4 Nd7 5. Ng5 Ngf6 6. Bd3 e6 7. N1f3 Bd6 8. Qe2 h6 9. Ne4 Nxe4 10. Qxe4 Qc7 11. Qg4 Kf8 12. 0-0 g5 13. Qh3 Kg7 14. Re1 e5 15. Bf5 exd4 16. Nxd4 Be5 17. Be3 a6 18. Rad1 Nf6 19. Bxc8 Raxc8 20. Nf5+ Kg6 21. Bc5 Rcd8 22. Nd6 Bxd6 23. Qd3+ Kg7 24. Bxd6 Qa5 25. c3 Rhe8 26. Rxe8 Rxe8 27. a3 Qd5 28. Qxd5 Nxd5 29. g3 b5 30. Rc1 Re6 31. Bc5 Kg6 32. Kf1 g4 33. c4 Nf6 34. cxb5 cxb5 35. Be3 Ne4 36. Rc8 h5 37. Rh8 Ng5 38. Rg8+ 1-0

[Event "Nuremberg LGA Cup 8th"]
[Site "Nuremberg"]
[Date "2011.09.11"]
[Round "7"]
[White "Wolf, Richard"]
[Black "Berger, Stefan"]
[Result "1-0"]
[WhiteElo "2159"]
[BlackElo "2009"]
[PlyCount "49"]
[EventDate "2011.09.08"]
[EventType "swiss"]
[EventRounds "7"]
[EventCountry "GER"]
[SourceTitle "CBM 144 Extra"]
[Source "ChessBase"]
[SourceDate "2011.10.28"]
[SourceVersion "1"]
[SourceVersionDate "2011.10.28"]
[SourceQuality "1"]

1. e4 d5 2. exd5 Qxd5 3. Nc3 Qa5 4. d4 Nf6 5. Nf3 Bf5 6. Bc4 c6 7. Bd2 e6 8. Qe2 Bb4 9. 0-0-0 0-0 10. Ne5 Nbd7 11. Nxd7 Nxd7 12. g4 Bg6 13. h4 h5 14. a3 Bxa3 15. bxa3 Qxa3+ 16. Kb1 hxg4 17. Na2 a5 18. Bc1 Qa4 19. h5 Bf5 20. Bd3 Ra6 21. Bxf5 Rb6+ 22. Bb2 Qa3 23. c4 exf5 24. c5 Rb5 25. Qxb5 1-0

[Event "Nuremberg LGA Cup 8th"]
[Site "Nuremberg"]
[Date "2011.09.09"]
[Round "3"]
[White "Berger, Stefan"]
[Black "Seyb, Alexander"]
[Result "0-1"]
[WhiteElo "2009"]
[BlackElo "2257"]
[PlyCount "152"]
[EventDate "2011.09.08"]
[EventType "swiss"]
[EventRounds "7"]
[EventCountry "GER"]
[SourceTitle "CBM 144 Extra"]
[Source "ChessBase"]
[SourceDate "2011.10.28"]
[SourceVersion "1"]
[SourceVersionDate "2011.10.28"]
[SourceQuality "1"]

1. Nf3 Nf6 2. d4 e6 3. Bf4 c5 4. c3 cxd4 5. cxd4 b6 6. Nc3 Bb7 7. a3 a6 8. Rc1 Be7 9. g3 0-0 10. Bg2 d5 11. 0-0 Nc6 12. Ne5 Rc8 13. Nxc6 Rxc6 14. Na2 Rxc1 15. Qxc1 Qd7 16. Qc7 Qxc7 17. Bxc7 Nd7 18. e3 Rc8 19. Rc1 Kf8 20. g4 Ke8 21. Bg3 Kd8 22. f3 f6 23. Be1 Rxc1 24. Nxc1 Nb8 25. Nd3 Nc6 26. Bc3 Kd7 27. h4 a5 28. Bf1 Bd6 29. f4 Na7 30. Ne1 Bc6 31. Bd3 h6 32. Nf3 Bb5 33. Bc2 Ke7 34. Kf2 Ba6 35. Bd2 Bc7 36. g5 hxg5 37. hxg5 Nc8 38. gxf6+ gxf6 39. Bc3 Nd6 40. Nd2 Nb5 41. Nb1 Nxc3 42. Nxc3 Bb7 43. Bd3 e5 44. fxe5 fxe5 45. Ke2 Ke6 46. Nb5 Bd8 47. dxe5 Kxe5 48. Nd4 Bf6 49. Kd2 Kd6 50. Kc2 Bc8 51. Nb5+ Kc5 52. Nc3 Bb7 53. Na4+ Kc6 54. Nc3 Kd6 55. Nb5+ Kc5 56. Nc3 Bc6 57. Bf5 b5 58. Be6 Bg5 59. Kd3 b4 60. axb4+ axb4 61. Nd1 Bb5+ 62. Kd2 d4 63. b3 dxe3+ 64. Nxe3 Kd4 65. Kc2 Bxe3 66. Kb2 Bc6 67. Bc4 Bd5 68. Bb5 Bg5 69. Kc2 Ke3 70. Bd7 Be4+ 71. Kb2 Kd2 72. Be6 Bf6+ 73. Ka2 Kc3 74. Bf7 Be7 75. Be6 Kc2 76. Bf7 Kc1 0-1

[Event "Nuremberg LGA Cup 8th"]
[Site "Nuremberg"]
[Date "2011.09.08"]
[Round "1"]
[White "Berger, Stefan"]
[Black "Espig, Lutz"]
[Result "1/2-1/2"]
[WhiteElo "2009"]
[BlackElo "2285"]
[PlyCount "68"]
[EventDate "2011.09.08"]
[EventType "swiss"]
[EventRounds "7"]
[EventCountry "GER"]
[SourceTitle "CBM 144 Extra"]
[Source "ChessBase"]
[SourceDate "2011.10.28"]
[SourceVersion "1"]
[SourceVersionDate "2011.10.28"]
[SourceQuality "1"]

1. Nf3 c5 2. c3 Nf6 3. d4 e6 4. Bf4 Nc6 5. e3 Be7 6. Nbd2 Nh5 7. Bg3 d5 8. Bd3 Bd7 9. Qe2 g6 10. dxc5 Nxg3 11. hxg3 Bxc5 12. Nb3 Be7 13. e4 dxe4 14. Bxe4 Qc7 15. Nfd4 Nxd4 16. Nxd4 0-0-0 17. Nb5 Qb6 18. a4 a6 19. Nd4 Kb8 20. 0-0 e5 21. Nf3 f5 22. Bd5 Bf6 23. Nxe5 Bc8 24. Nc4 Qc5 25. Bf3 g5 26. Bh5 g4 27. Na3 f4 28. Bxg4 fxg3 29. Bxc8 Rxc8 30. Qe3 gxf2+ 31. Qxf2 Be7 32. Qxc5 Bxc5+ 33. Kh1 Rc6 34. Rf3 Rg8 1/2-1/2

[Event "Paradiso op 6th"]
[Site "Paradiso"]
[Date "2011.05.15"]
[Round "5"]
[White "Berger, Stefan"]
[Black "Raselli, Claudio"]
[Result "1/2-1/2"]
[WhiteElo "2012"]
[BlackElo "1928"]
[PlyCount "93"]
[EventDate "2011.05.13"]
[EventType "swiss"]
[EventRounds "5"]
[EventCountry "SUI"]
[SourceTitle "CBM 142 Extra"]
[Source "ChessBase"]
[SourceDate "2011.06.27"]
[SourceVersion "1"]
[SourceVersionDate "2011.06.27"]
[SourceQuality "1"]

1. Nf3 d5 2. d4 Nf6 3. c3 c6 4. Bf4 Bf5 5. Nbd2 e6 6. Qb3 Qb6 7. h3 h6 8. e3 Nbd7 9. Be2 Be7 10. 0-0 0-0 11. Ne5 Nxe5 12. Bxe5 Ne4 13. Nxe4 Bxe4 14. Rfc1 Rfd8 15. Qxb6 axb6 16. Bc7 Rdc8 17. Bxb6 Bd6 18. a4 f6 19. b4 Kf7 20. a5 Ke7 21. Ra3 e5 22. Rca1 exd4 23. exd4 Bf5 24. a6 bxa6 25. Rxa6 Rxa6 26. Rxa6 Kf7 27. Ra7+ Kg6 28. g4 Be4 29. f3 Bb1 30. Ra1 Bc2 31. Rc1 Bb3 32. Bd3+ Kg5 33. Bc5 Bxc5 34. bxc5 Ra8 35. Rb1 Bc4 36. Bxc4 dxc4 37. Kf2 Ra2+ 38. Ke3 Rc2 39. Rb6 Rxc3+ 40. Ke4 Rc1 41. f4+ Kh4 42. d5 cxd5+ 43. Kxd5 c3 44. Kd4 c2 45. Kd3 Rd1+ 46. Kxc2 Rd5 47. Rb3 1/2-1/2

[Event "Paradiso op 6th"]
[Site "Paradiso"]
[Date "2011.05.15"]
[Round "4"]
[White "Wipf, Armin"]
[Black "Berger, Stefan"]
[Result "0-1"]
[WhiteElo "1495"]
[BlackElo "2012"]
[PlyCount "56"]
[EventDate "2011.05.13"]
[EventType "swiss"]
[EventRounds "5"]
[EventCountry "SUI"]
[SourceTitle "CBM 142 Extra"]
[Source "ChessBase"]
[SourceDate "2011.06.27"]
[SourceVersion "1"]
[SourceVersionDate "2011.06.27"]
[SourceQuality "1"]

1. d4 d5 2. c4 c6 3. Nf3 Nf6 4. Nc3 a6 5. cxd5 cxd5 6. Bg5 Ne4 7. Rc1 Nxg5 8. Nxg5 e6 9. Nf3 Nc6 10. e3 Bd6 11. Bd3 f5 12. a3 Bd7 13. Qb3 Na5 14. Qc2 b5 15. b4 Nc4 16. Bxc4 dxc4 17. e4 0-0 18. 0-0 a5 19. bxa5 Rxa5 20. Rb1 Bxa3 21. Ne5 Bd6 22. Nxd7 Qxd7 23. Na2 f4 24. f3 Qa7 25. Nb4 Bxb4 26. Rxb4 Qxd4+ 27. Qf2 Qxf2+ 28. Rxf2 Rc8 0-1

[Event "Paradiso op 6th"]
[Site "Paradiso"]
[Date "2011.05.14"]
[Round "2"]
[White "Berger, Stefan"]
[Black "Profumo, Alberto"]
[Result "0-1"]
[WhiteElo "2012"]
[BlackElo "2251"]
[PlyCount "64"]
[EventDate "2011.05.13"]
[EventType "swiss"]
[EventRounds "5"]
[EventCountry "SUI"]
[SourceTitle "CBM 142 Extra"]
[Source "ChessBase"]
[SourceDate "2011.06.27"]
[SourceVersion "1"]
[SourceVersionDate "2011.06.27"]
[SourceQuality "1"]

1. Nf3 Nf6 2. d4 d5 3. Bf4 c6 4. c3 Bf5 5. Qb3 Qb6 6. Nbd2 Nbd7 7. e3 e6 8. Be2 h6 9. 0-0 Be7 10. Ne5 Nxe5 11. Bxe5 0-0 12. c4 Qxb3 13. Nxb3 Nd7 14. Bg3 a5 15. Nd2 a4 16. a3 Nb6 17. c5 Nd7 18. f3 e5 19. e4 dxe4 20. fxe4 Be6 21. dxe5 Nxc5 22. Bf2 Rfd8 23. Rad1 Rd7 24. Be3 Rad8 25. Kf2 Nd3+ 26. Bxd3 Rxd3 27. Ke2 b5 28. Rc1 Rxe3+ 29. Kxe3 Bg5+ 30. Kf3 Rxd2 31. Rxc6 Rxb2 32. Rc3 Rb3 0-1

[Event "Niederbayernliga 0607"]
[Site "Germany"]
[Date "2006.??.??"]
[Round "2.5"]
[White "Grum, Theodor"]
[Black "Berger, Stefan"]
[Result "1-0"]
[WhiteElo "1697"]
[BlackElo "1862"]
[PlyCount "83"]
[EventDate "2006.??.??"]
[EventType "team-tourn"]
[EventRounds "9"]
[EventCountry "GER"]
[SourceTitle "EXT 2008"]
[Source "ChessBase"]
[SourceDate "2007.11.25"]
[SourceVersion "1"]
[SourceVersionDate "2007.11.25"]
[SourceQuality "1"]
[WhiteTeam "Grafenau"]
[BlackTeam "Simbach"]
[WhiteTeamCountry "GER"]
[BlackTeamCountry "GER"]

1. f4 d5 2. e3 g6 3. Nf3 Bg7 4. Be2 Nf6 5. 0-0 0-0 6. d4 Nbd7 7. Bd2 Ne4 8. Be1 Ndf6 9. Ne5 c6 10. Nd2 Nxd2 11. Bxd2 Bf5 12. g4 Be4 13. Bf3 Qc7 14. g5 Bxf3 15. Rxf3 Ne4 16. h4 f6 17. Ng4 Qd7 18. Nf2 Nd6 19. Rh3 Qf5 20. Kg2 Rae8 21. Rc1 e5 22. Bb4 Rd8 23. Rf3 exd4 24. Bxd6 Rxd6 25. Qxd4 b6 26. Qd3 Qxd3 27. cxd3 f5 28. b4 Re8 29. d4 Rc8 30. Nd3 Kf7 31. Rf2 Re6 32. Ne5+ Ke7 33. Rfc2 Bxe5 34. fxe5 Kd7 35. Kf3 Ree8 36. Kf4 Rc7 37. b5 Rec8 38. bxc6+ Rxc6 39. e6+ Kd6 40. Rxc6+ Rxc6 41. Rxc6+ Kxc6 42. Ke5 1-0